Science at the frontier

Contents: This book represents such a gathering. The authors report on the intellectual sparks that occurred when a group of the nation's brightest and most accomplished younger researchers gathered for a rare cross-disciplinary symposium covering the spectrum of science.

में बचाया:
ग्रंथसूची विवरण
स्वरूप: पुस्तक
भाषा:Undetermined
प्रकाशित: Washington, D.C. National Academy Press 1992
विषय:
टैग : टैग जोड़ें
कोई टैग नहीं, इस रिकॉर्ड को टैग करने वाले पहले व्यक्ति बनें!
Thư viện lưu trữ: Trung tâm Học liệu Trường Đại học Cần Thơ
LEADER 00760nam a2200181Ia 4500
001 CTU_222191
008 210402s9999 xx 000 0 und d
082 |a 505 
082 |b S416/Vol.1 
245 0 |a Science at the frontier 
245 0 |c National Academy of Sciences 
260 |a Washington, D.C. 
260 |b National Academy Press 
260 |c 1992 
520 |a Contents: This book represents such a gathering. The authors report on the intellectual sparks that occurred when a group of the nation's brightest and most accomplished younger researchers gathered for a rare cross-disciplinary symposium covering the spectrum of science. 
650 |a Science,Khoa học 
904 |i Tuyến 
980 |a Trung tâm Học liệu Trường Đại học Cần Thơ